| 000 | 00436nam a2200157Ia 4500 | ||
|---|---|---|---|
| 008 | 240322s2024 xx 000 0 und d | ||
| 020 | _a9788119666799 | ||
| 041 | _aeng | ||
| 082 | _a616.0757,LEW | ||
| 100 | _aLEWANDOWSKI R., MCCHAN L., PATEL P. I. . | ||
| 245 | _aKANDARPA HANDBOOK OF INTERVENTIONAL RADIOLOGIC PROCEDURES / | ||
| 250 | _a6 | ||
| 260 |
_bMUMBAIWOLTERS KLUWER2024 _c2024 |
||
| 562 | _e1 | ||
| 999 |
_c1151436 _d1151436 |
||
| 650 | _aRADIOLOGY | ||